[Event "Senior op Calvia"]
[Site "Calvià"]
[Date "2006.10.26"]
[Round "7.3"]
[White "Bellon Lopez, Juan Manuel"]
[Black "Coll, Enriques Lluis"]
[Result "1-0"]
[WhiteElo "2438"]
[BlackElo "2194"]
[PlyCount "75"]
[EventDate "2006.10.20"]
[SourceDate "2006.10.20"]

1. d4 d5 2. Bg5 {La Apertura Trompowsky, y este "pariente cercano" eran
utilizados por los maestros españoles durante la década de los 80, cuando los
entonces jóvenes ingleses Hodgson y Hebden jugaban por España, estos la
adoptaron y aportaron nuevas ideas que dieron nueva vida a la apertura.} Bf5 3.
c4 Bxb1 4. Rxb1 dxc4 $6 {Esta jugada es nueva, pero las negras no conseguirán
nada por la cesión del centro tras haber cedido la pareja de alfiles.} 5. e4 h6
({Contra} 5... b5 {las blancas puedn jugar un gambito, dado que poseen un
fuerte centro y ventaja de desarrollo con} 6. b3 cxb3 7. Qxb3 c6 8. Nf3 {etc.})
6. Be3 Nf6 7. f3 e6 ({A} 7... b5 {nuevamente sería adecuado} 8. b3) 8. Bxc4
Bb4+ {#} 9. Kf2 $1 {El rey permanecerá seguro en f2, amparado por el centro y
la pareja de alfiles, y la infantería del ala rey tendrá opciones de avanzar.}
O-O 10. Qb3 Ba5 11. Ne2 {
Sigue con la idea de preparar la ofensiva sobre el enroque.} ({
Era también posible la "materialista"} 11. Qxb7 Nbd7 12. Ne2) 11... Bb6 12.
Rbd1 (12. Rhd1 {
era la alternativa, pero las blancas tienen reservada otra función para la Rh1.
}) 12... Nc6 13. Bb5 $1 {
La amenaza de doblar los peones es molesta, y obliga al repliegue.} Ne7 14. h4
$1 {Al no haber contragolpe en el centro, las blancas pueden empezar el ataque
sin riesgos, y naturalmente la presencia de la Rh1 puede ser importante si se
logra abrir la columna h.} a6 15. Bd3 Nc6 16. Bb1 Qe7 17. g4 $1 e5 18. d5 Na5 (
{La entrega} 18... Nd4 {
podía intentar explotar los avances del ala rey, pero tras} 19. Nxd4 exd4 20.
Bxd4 Bxd4+ 21. Rxd4 {
no se ve una continuación prometedora que justifique la entrega.}) 19. Qc3
Bxe3+ 20. Kxe3 $1 {# Una posición poco común para el rey en el medio juego,
las blancas combinan la amenaza de ganar material con la de atacar el enroque.}
b6 21. Rc1 $5 {
Antes de seguir con la ofensiva, obliga a definir la defensa del peón de c.} ({
Directamente} 21. Ng3 {era también atractiva.}) 21... Rac8 $6 ({A} 21... Rfc8 {
puede seguir} 22. Ng3) 22. Bd3 $1 {Cambiando de plan, ahora el flanco dama
está más "goloso", esto se evitaba con 21...Rfc8} c5 23. Bxa6 Ra8 24. Bb5 c4
25. Qa3 $1 {Única jugada para conservar la ventaja, pero suficiente.} Qc7 ({
Cambiar damas con} 25... Qxa3+ 26. bxa3 {era también penoso, las blancas
pueden elegir entre el oportuno avance g5, y/o el acoso al débil peón de c4.})
26. Qb4 {Con la caída de otro peón la posición negra se derrumba.} Rfd8 27.
Bxc4 b5 28. Bd3 Qb6+ 29. Qc5 Qxc5+ 30. Rxc5 {
La ventaja material ya es decisiva.} Nb7 31. Rxb5 Nd6 32. Rb6 Rxa2 33. Rc1 h5
34. Rcc6 Nde8 35. g5 Nd7 36. Rb7 Nb8 37. g6 $1 Nxc6 38. gxf7+ 1-0

[Event "III Calvia Open"]
[Site "Calvia"]
[Date "2006.10.27"]
[Round "8"]
[White "Nijboer, Friso"]
[Black "Strikovic, Aleksa"]
[Result "1-0"]
[WhiteElo "2641"]
[BlackElo "2535"]
[PlyCount "119"]
[EventDate "2006.10.21"]
[SourceDate "2006.10.20"]

1. e4 d6 2. d4 Nf6 3. Nc3 e5 4. Nf3 Nbd7 5. g4 {
# Una violenta entrega, empleada por primera vez por el español Alexei Shirov.}
g6 {Rechaza el sacrifico, lo que es considerado adecuado.} ({
La partida madre continuó} 5... Nxg4 6. Rg1 Ngf6 7. Bc4 h6 8. Be3 c6 9. Qd3 Qc7
$6 ({Shirov comentó que lo correcto era} 9... b5 10. Bb3 ({No} 10. Bxf7+ $2
Kxf7 11. dxe5 dxe5 12. Nxe5+ Kg8 {con ventaja negra (Shirov)}) 10... Qc7 11.
O-O-O {con compensación por el peón.}) 10. O-O-O b5 $6 11. Bxb5 $1 {y tras inme
nsas complicaciones fue tablas en 52 jugadas. Shirov - Azmaiparashvili,
Plovdiv 2003.}) 6. g5 Nh5 7. Be3 Bg7 8. Qd2 c6 ({
Lastin - Azmaiparashvili Trípoli 2004, siguió} 8... O-O 9. O-O-O {y aquí aparec
e una de las compensaciones de haber colocado el caballo en la banda,} f5 $1 {
y las negras lograron buen juego tras} 10. exf5 Rxf5 11. dxe5 Nxe5 12. Nxe5
Bxe5 13. Bc4+ Kh8 14. Kb1 Bd7 15. Rhe1 Bc6 16. Be6 Rf3 $1 17. Bg4 Rxe3 $1 {
con este sacrificio las negras se apoderan de las casillas obscuras, sus
piezas menores quedan muy bien situadas, y capturan un  peón.} 18. Qxe3 Nf4 19.
Bf3 Qxg5 {con buena compensación por la calidad.}) 9. O-O-O O-O {#} 10. dxe5 {
Con el cambio de damas las blancas confían en que su dominio de la columna d
sea una ventaja importante.} ({Se había jugado} 10. Kb1 Qa5 11. d5 c5 12. Nb5
Qb6 13. a4 Nb8 14. Ne1 Qd8 15. Be2 a6 16. Na3 b5 17. axb5 Nf4 18. Bf1 Nd7 19.
Nc4 axb5 20. Nxd6 b4 21. c4 Qa5 22. Nd3 Ra6 23. Nb5 Qa2+ 24. Kc1 Qxc4+ 25. Qc2
Qxe4 26. Rg1 Qxd5 27. Kb1 b3 28. Qd2 c4 29. Nc7 Qe4 30. Nxa6 Bxa6 31. Bxf4 cxd3
32. Bxd3 Qa4 33. Bxa6 Qa2+ {0-1 Leon Hoyos - Hernández, Gilb, México City 2006.
}) 10... dxe5 11. Bh3 {
El cambio de los alfiles de casillas blancas favorece al primer jugador.} Qc7
12. Qd6 Qxd6 13. Rxd6 Nb6 14. Bxc8 Rfxc8 {
En este momento Nijboer se sumió en una larga meditación,} 15. b3 $5 {
Controlando al Nb6, y con planes de un futuro a4-a5, aunque hay una idea más
oculta.  La diferencia entre los alfiles que quedaron en el tablero es
claramente favorable a las blancas.  Nijboer se quedó con 22 minutos contra 1
hora 13' de Strikovic.} (15. Rhd1 {es la jugada natural.}) 15... Rd8 16. Rxd8+
({Nijboer indicó que tras} 16. Rhd1 {las blancas tienen ventaja, pero creyó
que su idea iniciada con b3 era más fuerte de lo que en realidad resultó ser.})
16... Rxd8 17. Rd1 Rxd1+ 18. Nxd1 {Ahora se entiende más 15.b3, las blancas
amenazan Nb2-d3, o Nb2, Bxb6, Nc4, ganando un peón  Claro que "el adversario
también juega"  Los tiempos eran ahora 8 minutos de Nijboer contra 1 hora de
Strikovic.} f6 19. h4 $6 ({Mejor directamente} 19. Nb2) 19... Kf7 20. Nb2 f5 $1
21. Bxb6 $2 axb6 22. Nc4 Ke6 23. Nxb6 fxe4 24. Nd2 Bf8 $1 {
!Por fin! el inactivo alfil se pone en juego, con gran fuerza, amenaza Bc5.}
25. Nxe4 Kf5 26. f3 Kf4 {Y el factor gravitante es ahora la diferencia de
actividad entre los reyes, más aún que la gran diferencia de tiempo restante
para cada rival.} 27. Nd2 Ng3 28. Nd7 Be7 29. Nc4 Nf5 30. Na5 Nxh4 31. Nxb7
Nxf3 32. a4 e4 33. Ndc5 {#} Nd4 $2 {Jugado demasiado rápido, con 40 minutos de
más que su rival, ahora la ventaja desaparece.} ({?Por qué no la obvia} 33...
e3 $1 {por ejemplo:} 34. Nd3+ Kg3 35. Kd1 (35. a5 $2 {no vale} e2 36. a6 Bxg5+
$1 37. Kb2 Be3 {etc.}) 35... Kg2 36. a5 Kf1 37. Nc1 Nd4 38. a6 Ba3 $1 39. a7
Nb5 $1 40. Ne2 Nxa7 {ganando.}) 34. c3 $1 {Strikovic comentó que no vio esta
sencilla jugada que expulsa al caballo e impide que ayude a frenar el peón 
libre.} Nf5 35. a5 Nd6 36. Nxd6 Bxd6 37. Ne6+ Ke3 38. a6 {La ventaja es de las
blancas, el peón de g5 vale doble, y las blancas pueden controlar el peón de
e3 y lentamente avanzar los propios.} Bb8 39. Kc2 Kf2 40. Nc5 e3 41. Nd3+ Kf3
42. b4 Ba7 43. c4 {La amenaza es crear 2 peones libres en las columnas a y c,
con c5, seguido de b5.} Ke4 44. Nc1 Kd4 45. Kb3 Bb6 $2 ({Era necesaria} 45...
c5 {Strikovic comentó que jugó débilmente la parte final, cuando aún tenía
buenas chances de tablas, a causa de la inestabilidad emocional provocada por
los errores anteriores.}) 46. Ne2+ Kd3 47. c5 Ba7 48. b5 {
Logrando el objetivo, aunque las negras también coronan.} Kxe2 49. b6 Bxb6 50.
cxb6 Kf2 51. a7 e2 52. a8=Q e1=Q 53. Qxc6 Qb1+ 54. Kc4 Qc1+ 55. Kb5 Qb2+ 56.
Ka6 Qa3+ 57. Kb7 Qe7+ 58. Ka8 Qxg5 $2 {
Pierde con rapidez, era necesario seguir dando jaques.} 59. Qc2+ Kg1 60. Qb1+
1-0

[Event "III Calvia Open"]
[Site "Calvia"]
[Date "2006.10.28"]
[Round "9"]
[White "Damljanovic, Branko"]
[Black "Nijboer, Friso"]
[Result "0-1"]
[WhiteElo "2595"]
[BlackElo "2641"]
[PlyCount "108"]
[EventDate "2006.10.21"]
[SourceDate "2006.10.20"]

1. c4 Nf6 2. Nc3 g6 3. e4 d6 4. d4 Bg7 5. Nf3 O-O 6. Be2 e5 7. Be3 Ng4 8. Bg5
f6 9. Bc1 exd4 10. Nxd4 f5 11. h3 Nh6 ({La alternativa es} 11... Ne5 {
un ejemplo magistral es:} 12. exf5 gxf5 13. O-O f4 14. Nd5 Ng6 15. h4 Be5 16.
Bg4 Nc6 17. Nxc6 bxc6 18. h5 f3 19. Bxf3 Qh4 20. g3 Bxg3 21. fxg3 Qxg3+ 22. Kh1
Qh3+ 23. Kg1 Qg3+ {1/2-1/2 Ivanchuk - Radjabov, Gotemburgo 2005}) 12. exf5 {
Damljanovic tenía considerable experiencia con esta posición, en cambio
Nijboer, aún siendo un jugador "indio", tenía menos.} Nxf5 13. Nxf5 Bxf5 ({
Damljanovic se había enfrentado exitosamente a la otra captura:} 13... Rxf5 14.
O-O Nc6 15. Be3 Kh8 16. Qd2 Be6 17. b3 Rf7 18. Rad1 Ne7 19. Bd4 Nf5 20. Bxg7+
Kxg7 21. Bf3 Rb8 22. Rfe1 Bd7 23. Ne4 h6 24. c5 Qf8 25. cxd6 Nxd6 26. Qd4+ Kh7
27. Nxd6 cxd6 28. Qxd6 Qxd6 29. Rxd6 Re8 30. Rxe8 Bxe8 31. Rd8 Re7 32. Bxb7 {
1-0 Damljanovic - Djukic, Bar 2005}) 14. Be3 Nc6 15. Qd2 Kh8 (15... Qf6 16. Rd1
a5 17. O-O Kh8 18. Nd5 Qf7 19. Bh6 Rae8 (19... Bxh6 20. Qxh6 Nb4 21. Nc3 Rae8
22. Qd2 Qg7 23. b3 Bd7 24. Rde1 Bc6 25. Bd1 {
se jugó en Damljanovic - Popovic, Budva 2003, fue tablas en 59 jugadas.}) 20.
Bxg7+ Qxg7 21. Rfe1 Re4 22. Nc3 Rd4 23. Qe3 {con igualdad es Damljanovic -
Djukic, Pancevo 2006, que fue tablas en 112 jugadas.}) 16. Rd1 Qf6 {
comunica las torres e impide momentáneamente el salto Nd5.} 17. O-O Rae8 18.
Bg5 Qf7 19. Bh6 Bxh6 20. Qxh6 Ne5 21. b3 {La posición blanca es ligeramente
ventajosa, el rey negro echa de menos a su alfil defensor, y hay algunas
debilidades en campo negro.} g5 $5 22. f4 {#} Ng6 $2 {
Esta era la idea de Nijboer al jugar Ne5, pero tiene un fallo.} ({Era necesario
} 22... gxf4) 23. fxg5 Qe6 {#} 24. Bh5 $1 {Esta jugada fue omitida por Nijboer,
por razones tácticas el Nc3 no está en el aire.} Rf7 ({No vale} 24... Qe3+ 25.
Kh1 Qxc3 {por} 26. Bxg6 {ganando.}) 25. Nd5 c6 26. Bxg6 Qxg6 27. Qxg6 Bxg6 28.
Nf6 {No hay compensación por el peón de menos, y la posición blanca parece muy
superior, aunque Nijboer opinó que las negras consiguieron contrachances.} Re6
29. Rde1 Rfe7 30. Rxe6 Rxe6 31. h4 Kg7 32. Rf2 a6 33. Kh2 b5 34. g4 bxc4 35.
bxc4 Bd3 36. Rb2 Re2+ 37. Rxe2 Bxe2 38. Ne8+ Kf7 39. Nxd6+ Ke6 40. c5 Bxg4 41.
Kg3 Bh5 42. Kf4 Kd5 43. Ne4 Bg6 44. Nf6+ Kxc5 {#} 45. Nxh7 $2 {
Un error que deja escapar la victoria.} ({Parece ganador} 45. h5 $1 Bf7 46. Kg4
Be6+ 47. Kh4 Bxa2 48. Nxh7 Kd6 49. g6 c5 50. h6 {llegando a un final parecido
a la partida pero con los peones más avanzados... y con el caballo.}) 45...
Bxh7 46. h5 Bb1 $1 47. g6 $2 (47. Ke5 $1 {impidiendo que pase el rey negro
posiblemente era suficiente para empatar, por ej:} Kb4 48. g6 c5 49. Kf6 c4 50.
h6 c3 51. h7 c2 52. h8=Q c1=Q 53. Qb8+ Ka4 54. Qe8+ Ka3 55. Qe7+ {capturando
único peón negro. Claro que esta variante no es forzada, pero las dificultades
negras para gara ganar son evidentes.}) 47... Kd6 48. Kg5 Ke7 49. h6 Kf8 50.
Kf6 Kg8 {Llegando justo a tiempo para frenar los peones.} 51. a4 a5 52. h7+ Kh8
53. Kf7 Ba2+ 54. Kf6 Bb3 0-1